Main trends in demography (Record no. 187)

MARC details
000 -LEADER
fixed length control field 00457nam a2200169Ia 4500
020 ## - INTERNATIONAL STANDARD BOOK NUMBER
ISBN 0-04-301060-1
082 ## - DEWEY DECIMAL CLASSIFICATION NUMBER
Classification number 304.6072 PIC-;
100 ## - MAIN ENTRY--AUTHOR NAME
Personal name Pichat, Jean Bourgeois
245 #0 - TITLE STATEMENT
Title Main trends in demography
260 ## - PUBLICATION, DISTRIBUTION, ETC. (IMPRINT)
Place of publication London
Name of publisher George Allen & Unwin
Year of publication 1970
300 ## - PHYSICAL DESCRIPTION
Number of Pages 79p.
650 ## - SUBJECT ADDED ENTRY--TOPICAL TERM
Topical Term Social surveys - Social biology
650 ## - SUBJECT ADDED ENTRY--TOPICAL TERM
Topical Term Population - Social aspects
650 ## - SUBJECT ADDED ENTRY--TOPICAL TERM
Topical Term Social sciences - Research
650 ## - SUBJECT ADDED ENTRY--TOPICAL TERM
Topical Term Demography - Research
942 ## - ADDED ENTRY ELEMENTS (KOHA)
Koha item type Books
Holdings
Withdrawn status Lost status Damaged status Not for loan Home library Current library Date acquired Full call number Accession Number Price effective from Koha item type
        NASSDOC Library NASSDOC Library 08/06/2004 304.6072 PIC-; 6030 18/04/2019 Books